000 00439nam a2200181Ia 4500
001 11519
005 20260306162834.0
008 260306t1981||||xx |||||||||||||| ||spa||
041 _aESP
082 _a985.07
_bJ27
100 _aJave, Noé (comp.)
_eAUT
245 0 _aJorge Basadre:
_bla política y la historia
260 _c1981
300 _a225 páginas :
_c20 cm.
650 _aGEN
654 _aCHU
942 _cLIB
_dJUS
_fJUS
_2ddc
_n
999 _c11519
_d11519